Statistiques concernant Les 17 régions administratives du Québec

Cliquez ici pour prendre le quiz!

Statistiques générales

  • Ce quiz a été pris 3 007 fois
  • Le résultat moyen est 9 sur 17

Statistiques - réponses

# de la régionRégion% Correct
06Montréal
78%
01Bas-Saint-Laurent
64%
05Estrie
63%
13Laval
63%
10Nord-du-Québec
61%
09Côte-Nord
60%
04Mauricie
59%
02Saguenay-Lac-Saint-Jean
58%
07Outaouais
55%
03Capitale-Nationale
50%
14Lanaudière
50%
16Montérégie
48%
15Laurentides
47%
08Abitibi-Témiscamingue
44%
17Centre-du-Québec
43%
12Chaudière-Appalaches
27%
11Gaspésie-Îles-de-la-Madeleine
20%

Distribution des résultats

Percentile par nombre de réponses

% des personnes avec chaque résultat

Votre développement - résultats

Vous n’avez pas pris ce quiz